Study guide to accompany organic chemistry: Carey : organic chemistry

Bewaard in:
Bibliografische gegevens
Hoofdauteur: Carey, Francis A.
Formaat: Boek
Taal:Undetermined
Gepubliceerd in: New York McGraw-Hill 1987
Onderwerpen:
Tags: Voeg label toe
Geen labels, Wees de eerste die dit record labelt!
Thư viện lưu trữ: Trung tâm Học liệu Trường Đại học Cần Thơ
LEADER 00596nam a2200205Ia 4500
001 CTU_170253
008 210402s9999 xx 000 0 und d
020 |c 314.13 
082 |a 547 
082 |b C273 
100 |a Carey, Francis A. 
245 0 |a Study guide to accompany organic chemistry: 
245 0 |b Carey : organic chemistry 
245 0 |c Francis A. Carey, Robert C. Atkins 
260 |a New York 
260 |b McGraw-Hill 
260 |c 1987 
650 |a Chemistry, Organic,Hóa học, hữu cơ 
910 |a Nguyên 
980 |a Trung tâm Học liệu Trường Đại học Cần Thơ